000
00212nam a2200085Ia 4500
005
20250523155752.0
008
250523s9999 xx 000 0 und d
245
0
_a
Serüven Avcıları
_c
Jeanne Birdsall
260
_b
ALTIN
999
_c
12123
_d
12123